| Virtuální polytechnická knihovna - Souborný katalog - Úplný záznam dokumentu - MARC |
Uživatel: --- |
-----nas 22-----zu 4500
001 SKVPK0031887
003 CZ-VPK
005 20260423110103.0
008 260423d19241943||||| | ||| || |||||||
022 $a0369-7010
040 $aABA013$bcze
222 0$aOberflächentechnik
245 00$aOberflächentechnik
260 $aNěmecko :$bCoburg : Müller und Schmidt,$c1924-1943
650 07$avěda a technika$xve$2psh
780 00$tSchleif- und Poliertechnik$x0370-8993
780 00$tSchleif-, Polier- und Oberflächentechnik$x Slouč.s
910 $aABA013$r1932-1933, 1935-1942
| čtvrtek 14.05.2026 00:04:06 |
© 2001-2015 Národní technická knihovna |
[Virtuální polytechnická knihovna]
[Servisní centrum]
[Souborný katalog]